[Event "Telecom op"]
[Site "Dublin"]
[Date "1991.??.??"]
[Round "?"]
[White "Ziatdinov, Raset"]
[Black "King, Daniel J"]
[Result "1-0"]
[WhiteElo "2515"]
[BlackElo "2545"]

1.e4 e6 2.d4 d5 3.Nc3 Nf6 4.e5 Nfd7 5.f4 c5 6.Nf3 Nc6 7.Be3 a6 8.Qd2 b5 9.dxc5 Bxc5
10.O-O-O Qb6 11.Bxc5 Nxc5 12.Bd3 b4 13.Ne2 a5 14.Kb1 a4 15.Ng3 b3 16.a3 bxc2+
17.Qxc2 g6 18.h4 Nxd3 19.Rxd3 h5 20.Rc1 Bd7 21.Ne2 Rb8 22.Nc3 Na5 23.Nxa4 Bxa4
24.Qxa4+ Kf8 25.Qd4 Qb7 26.Nd2 Kg7 27.Rc2 Qa6 28.Rdc3 Rb6 29.Rc7 Rhb8 30.f5 gxf5
31.Qe3 Nc6 32.R2xc6 Rxb2+ 33.Kc1 Rb1+ 34.Nxb1 Qf1+ 35.Kd2 Qxg2+ 36.Qe2 Qg6
37.Rc1 f4 38.Qf1 Kh7 39.Qd3  1-0

[Event "NLD-ch sf"]
[Site "Enschede"]
[Date "1991.??.??"]
[Round "7"]
[White "Nijboer, Friso"]
[Black "Hoeksema, Hendrik Pieter"]
[Result "1/2-1/2"]
[WhiteElo "2455"]
[BlackElo "2390"]

1.e4 e6 2.d4 d5 3.Nc3 Nf6 4.e5 Nfd7 5.f4 c5 6.Nf3 Nc6 7.Be3 cxd4 8.Nxd4 Bc5
9.Qd2 Bxd4 10.Bxd4 Nxd4 11.Qxd4 Qb6 12.Qxb6 Nxb6 13.Nb5 Ke7 14.b3 f6 15.exf6+ gxf6
16.a4 a5 17.Nc7 Rb8 18.Bd3 Bd7 19.O-O Kd6 20.Nb5+ Bxb5 21.axb5 Ra8 22.Rf3 Nd7
23.Rh3 h6 24.Rd1 a4 25.bxa4 Rxa4 26.c4 Nb6 27.f5 Nxc4 28.Bxc4 Rxc4 29.fxe6 Kxe6
30.Re3+ Re4 31.Rc3 Ra8 32.Rc7 Ra2 33.Rxb7 Rb2 34.Rb8 Kf7 35.Rb7+ Kg6 36.Rb8 Ree2
37.Rg8+ Kf7 38.Rg3 Rxb5 39.Kf1 Rc2 40.Rf3 Rbb2 41.Rg3 h5 42.h4 Rc4 43.Kg1 Ke6
44.Rgd3 Rcc2 45.Rxd5 Rxg2+ 46.Kh1 Rh2+ 47.Kg1 Rxh4 48.Rd6+ Kf7 49.Rf1 Rg4+
50.Kh1 Rg6 51.Rd5 Rh6 52.Ra5 Rb7 53.Kh2 Re7 54.Kh3 Kg7 55.Rf2 Re3+ 56.Kh2 h4
57.Ra4 h3 58.Ra7+ Kg6 59.Ra6 Kg5 60.Ra5+ Kg6 61.Ra6  1/2-1/2

[Event "FRA-chT"]
[Site "FRA"]
[Date "1991.??.??"]
[Round "?"]
[White "Renet, Olivier"]
[Black "Touzane, Olivier"]
[Result "1-0"]
[WhiteElo "2470"]
[BlackElo "2100"]

1.e4 e6 2.d4 d5 3.Nc3 Nf6 4.e5 Nfd7 5.f4 c5 6.Nf3 Nc6 7.Be3 cxd4 8.Nxd4 Bc5
9.Qd2 O-O 10.O-O-O a6 11.Kb1 Qc7 12.h4 b5 13.h5 b4 14.Nce2 a5 15.Nxc6 Qxc6
16.Nd4 Qc7 17.g4 a4 18.Rh3 Ba6 19.g5 Bxd4 20.Bxd4 Bxf1 21.Rxf1 Rfb8 22.g6 fxg6
23.hxg6 hxg6 24.f5 gxf5 25.Rg1 Nf8 26.Qh6  1-0

[Event "BL2-N9091"]
[Site "Germany"]
[Date "1991.??.??"]
[Round "?"]
[White "Maxion, Dirk"]
[Black "Marschner, Juergen"]
[Result "0-1"]
[WhiteElo "2335"]
[BlackElo "2275"]

1.e4 e6 2.d4 d5 3.Nc3 Nf6 4.e5 Nfd7 5.f4 c5 6.Nf3 Nc6 7.Be3 a6 8.Qd2 b5 9.dxc5 Bxc5
10.Bxc5 Nxc5 11.Qf2 Qb6 12.Bd3 b4 13.Ne2 a5 14.O-O Ba6 15.Kh1 Bxd3 16.cxd3 Qb5
17.f5 Nxd3 18.Qg3 Nxb2 19.Qxg7 O-O-O 20.Nf4 exf5 21.e6 f6 22.Qxf6 Nc4 23.Rfe1 Rhf8
24.Qg7 Rfe8 25.Qxh7 Nd6 26.Rac1 Kb8 27.Ne5 Nxe5 28.Rxe5 Rc8 29.Ree1 Rxc1
30.Rxc1 Rc8 31.Re1 Qc4 32.Qh6 Qe4 33.Rg1 d4 34.Rd1 Qc2 35.Rg1 Qe4 36.e7 Qxe7
37.Nd5 Qe5 38.Nb6 Rc7 39.Qh4 Kb7 40.Na4 d3 41.Qf2 Rc6 42.Qf3 d2 43.a3 Ne4
44.axb4 Ng3+ 45.hxg3 Qh8+  0-1

[Event "Niedersachsen-Hessen"]
[Site "Germany"]
[Date "1991.??.??"]
[Round "?"]
[White "Friedrich, Norbert"]
[Black "Buchenau, Frank"]
[Result "1-0"]
[WhiteElo "2320"]
[BlackElo "2290"]

1.e4 e6 2.d4 d5 3.Nc3 Nf6 4.e5 Nfd7 5.f4 c5 6.Nf3 Nc6 7.Be3 cxd4 8.Nxd4 Qb6
9.Ncb5 Bc5 10.Nxc6 bxc6 11.Nd6+ Ke7 12.Bxc5 Qxc5 13.Qd2 f6 14.O-O-O h6 15.Qe1 a5
16.Qg3 g5 17.h4 Rg8 18.Qd3 Rg7 19.hxg5 fxg5 20.g3 gxf4 21.gxf4 Ba6 22.Qh3 Bxf1
23.Rdxf1 Rb8 24.Qh4+ Kf8 25.Qxh6 Qe3+ 26.Kb1 Rxb2+ 27.Kxb2 Qb6+ 28.Kc1 Qe3+
29.Kd1 Qd4+ 30.Ke2  1-0

[Event "Helsingborg-B"]
[Site "Helsingborg"]
[Date "1991.??.??"]
[Round "?"]
[White "Jersblad, Johan"]
[Black "Stromberg, Peter"]
[Result "0-1"]
[WhiteElo "2200"]
[BlackElo "2200"]

1.e4 e6 2.d4 d5 3.Nc3 Nf6 4.e5 Nfd7 5.f4 c5 6.Nf3 Nc6 7.Be3 cxd4 8.Nxd4 Bc5
9.Qd2 a6 10.O-O-O Bxd4 11.Bxd4 b5 12.g4 Qc7 13.Kb1 Nb6 14.Qf2 Nxd4 15.Qxd4 Bd7
16.h4 Rc8 17.Rh2 Nc4 18.Bxc4 bxc4 19.Rhd2 Qa5 20.f5 Rb8 21.fxe6 fxe6 22.Ne2 O-O
23.Qc3 Qb6 24.g5 Qb7 25.h5 Rf3 26.Qd4 c3  0-1

[Event "CUB-ch"]
[Site "Holguin"]
[Date "1991.??.??"]
[Round "6"]
[White "Herrera, Irisberto"]
[Black "Alonso, Rene"]
[Result "1-0"]
[WhiteElo "2260"]
[BlackElo "2355"]

1.e4 e6 2.d4 d5 3.Nc3 Nf6 4.e5 Ne4 5.Nxe4 dxe4 6.Bc4 c5 7.d5 Nd7 8.dxe6 fxe6
9.Bf4 Qb6 10.c3 Qc6 11.Qb3 a6 12.Nh3 b5 13.Bxe6 Nxe5 14.Bd5 Nd3+ 15.Kf1 Qg6
16.Bxa8 Bxh3 17.gxh3 Nxf4 18.Bxe4 Qh6 19.c4 Bd6 20.cxb5 axb5 21.Qxb5+ Ke7
22.Qb7+ Ke6 23.Re1 Rf8 24.Rg1 Kf6 25.Qd7 Qxh3+ 26.Qxh3 Nxh3 27.Rg2 Be5 28.b3 Bd4
29.f3 h5 30.Rg6+ Kf7 31.a4 Nf2 32.Rb6 Kg8 33.Bd5+ Kh8 34.Kg2 Nd3 35.Re4 Nf4+
36.Rxf4 Rxf4 37.a5 Rf8 38.Re6 Rd8 39.Be4 g5 40.a6  1-0

[Event "CUB-ch"]
[Site "Holguin"]
[Date "1991.??.??"]
[Round "10"]
[White "Herrera, Irisberto"]
[Black "Nogueiras, Jesus"]
[Result "1/2-1/2"]
[WhiteElo "2260"]
[BlackElo "2540"]

1.e4 e6 2.d4 d5 3.Nc3 Nf6 4.e5 Nfd7 5.f4 c5 6.Nf3 Nc6 7.Be3 a6 8.Qd2 b5 9.dxc5 Bxc5
10.Bxc5 Nxc5 11.Qf2 Qe7 12.Bd3 f5 13.exf6 gxf6 14.O-O-O Bb7 15.Rhe1 O-O-O
16.Kb1 b4 17.Ne2 e5 18.Bf5+ Kb8 19.Ned4 Nxd4 20.Qxd4 Ne6 21.Qd2 Ng7 22.fxe5 Nxf5
23.Qf4 Nd6 24.exd6 Qxd6 25.Qxd6+ Rxd6 26.Rd4 a5 27.Re7 h5 28.g3 Bc8 29.Rf4 Rg8
30.Kc1 Rg4 31.Nd4 Rxf4 32.gxf4 Rd7 33.Nc6+ Kc7 34.Rxd7+ Kxd7 35.Nxa5 Ke6
36.Nc6 d4 37.Nxd4+ Kd5 38.c3 bxc3 39.bxc3 Kc4 40.f5 Kd3 41.Kb2 h4 42.a4 Ke3
43.Kc2 Kf2 44.Kd2 Kg2 45.Ke3 Kxh2 46.Kf2 Kh3 47.c4 Kg4 48.c5 Kf4 49.c6 Ke5
50.Nb5 Bxf5 51.c7 Kd5  1/2-1/2

[Event "HUN-chT"]
[Site "HUN"]
[Date "1991.??.??"]
[Round "?"]
[White "Csom, Katalin"]
[Black "Portisch, Gabor"]
[Result "0-1"]
[WhiteElo "2080"]
[BlackElo "2275"]

1.e4 e6 2.d4 d5 3.Nc3 Nf6 4.e5 Ne4 5.Bd3 Nxc3 6.bxc3 c5 7.Bb5+ Nc6 8.Ne2 Bd7
9.Bxc6 Bxc6 10.O-O Rc8 11.Be3 Bb5 12.f4 g6 13.Rf2 Qa5 14.Qb1 Ba6 15.Qb2 Be7
16.Kh1 Rc6 17.dxc5 Bxc5 18.Bd4 Ba3 19.Qb1 Bc5 20.Qd1 Kd7 21.Nc1 Bxd4 22.cxd4 Qc3
23.Nb3 b6 24.Qd2 Rhc8 25.Rc1 Qxd2 26.Rxd2 Rc3 27.Kg1 Bc4 28.Rb1 a5 29.Rb2 a4
30.Nc1 b5 31.Kf2 Kc6 32.Nd3 Bxd3 33.cxd3 Kb6 34.Ke3 a3 35.Rb4 Ka5 36.Rb1 Rc1
37.Rxc1 Rxc1 38.g4 Kb4 39.Rf2 Kc3 40.f5 Re1+ 41.Kf4 Kxd4 42.fxg6 fxg6 43.Kg5 Rxe5+
44.Kh6 Kxd3 45.Kxh7 g5 46.Kh6 Ke3 47.Rf1 Ke2 48.Rf7 d4  0-1

[Event "HUN-chT"]
[Site "HUN"]
[Date "1991.??.??"]
[Round "?"]
[White "Sziebert, Adam"]
[Black "Havasi, Janos"]
[Result "0-1"]
[WhiteElo "2215"]
[BlackElo "2245"]

1.e4 e6 2.d4 d5 3.Nc3 Nf6 4.e5 Nfd7 5.f4 c5 6.Nf3 Nc6 7.Be3 cxd4 8.Nxd4 Bb4
9.Qg4 O-O 10.h4 f5 11.Qf3 Nc5 12.Kf2 Ne4+ 13.Nxe4 fxe4 14.Nxc6 bxc6 15.Qd1 Be7
16.Kg1 c5 17.c3 Qc7 18.Rc1 a5 19.Rh3 Qb6 20.Rc2 Bb7 21.Kh1 Rad8 22.Rd2 Rf7
23.Be2 Bf8 24.a3 Qc6 25.h5 Ba6 26.Bxa6 Qxa6 27.Rh4 Rfd7 28.Kh2 a4 29.f5 exf5
30.Bg5 Be7 31.Bxe7 Rxe7 32.Rxd5 Rxd5 33.Qxd5+ Qe6 34.Qxc5 Qxe5+ 35.Qxe5 Rxe5
36.Kg1 g5 37.hxg6 hxg6 38.Kf2 Rb5 39.g4 Rxb2+ 40.Ke3 Kg7 41.gxf5 gxf5 42.Rh1 Rc2
43.Kd4 Kf6 44.c4 Rd2+ 45.Kc3 Rd3+ 46.Kb4 e3 47.c5 f4 48.c6 Rd8 49.Kc4 Ke5
50.Rh7 Kd6 51.Rh6+ Kc7 52.Kc5 e2 53.Rh7+ Kc8 54.Kb6 Rf8 55.Ra7 Kd8 56.Ra8+ Ke7
57.Rxf8 e1=Q 58.Rb8 Qe3+ 59.Kb7 Qb3+ 60.Ka7 Qc4 61.Kb6 f3 62.c7 f2 63.c8=Q Qxc8
64.Rxc8 f1=Q 65.Rc7+ Kd6 66.Rc6+ Kd5 67.Rc5+ Kd4 68.Rb5 Qf8 69.Ka5 Qxa3 70.Rb4+ Kc5
71.Rb5+ Kc4  0-1

[Event "Katowice op"]
[Site "Katowice"]
[Date "1991.??.??"]
[Round "2"]
[White "Jaracz, Pawel"]
[Black "Gleizerov, Evgeny"]
[Result "0-1"]
[WhiteElo "2300"]
[BlackElo "2485"]

1.e4 e6 2.d4 d5 3.Nc3 Nf6 4.e5 Nfd7 5.Nce2 c5 6.c3 Nc6 7.f4 Qb6 8.Nf3 f6
9.g3 cxd4 10.cxd4 fxe5 11.fxe5 Bb4+ 12.Nc3 O-O 13.Bf4 Be7 14.Na4 Qa5+ 15.Nc3 Qb6
16.Na4 Qd8 17.Bd3 Nb6 18.O-O Nxa4 19.Qxa4 Bd7 20.Qc2 h6 21.Qd2 Be8 22.h3 Bb4
23.Qh2 Ne7 24.a3 Ba5 25.Be3 Bg6 26.Bxg6 Nxg6 27.Rac1 Bb6 28.Qe2 Qd7 29.Kg2 Ne7
30.Qd3 Rac8 31.g4 Rxc1 32.Rxc1 Qe8 33.Kg3 Nc6 34.Rf1 Na5 35.Rf2 Nc4 36.Bc1 Qe7
37.b3 Na5 38.Rc2 Nc6 39.Rf2 Rf7 40.b4 Qf8 41.Be3 Ne7 42.Nh4 Rxf2 43.Bxf2 Qe8
44.Be3 a6 45.Ng2 Ng6 46.Qc3 Kf7 47.Qc2 Qb5 48.Qf2+ Ke8 49.Qc2 Kf7 50.Qf2+ Ke8
51.Qc2 Nf8 52.Qc8+ Bd8 53.Nf4 Qd7 54.Qc2 Bg5 55.Ng2 Bd8 56.Nf4 Qc7 57.Qd3 Bg5
58.Nh5 Bxe3 59.Qxe3 Ng6 60.Qd3 Kf7 61.Qf3+ Kg8 62.Qd3 Nf8 63.Qe3 Qc4 64.g5 hxg5
65.Qxg5 Qd3+ 66.Kg2 Ng6 67.Qg4 Kh7 68.Ng3 Qd2+ 69.Kf3 Qd1+ 70.Kg2 Qxg4 71.hxg4 Nf4+
72.Kf3 Nd3 73.Nh5 Kg6 74.Nf4+ Nxf4 75.Kxf4 b5 76.Kf3 Kg5 77.Kg3 g6 78.Kh3 Kf4
79.Kh4 Ke4 80.Kg5 Kxd4 81.Kf6 Kc4 82.Kxe6 d4 83.Kf6 d3 84.e6 d2 85.e7 d1=Q
86.e8=Q Qxg4 87.Qc6+ Kb3 88.Qxa6 Qf5+ 89.Ke7 g5 90.a4 Qe5+ 91.Kf7 Qd5+ 92.Kf6 g4
93.axb5 g3 94.Qc6 Qd4+ 95.Ke6 Qe3+ 96.Kd6 Qd2+ 97.Kc5 g2 98.Qf6  0-1

[Event "Katowice op"]
[Site "Katowice"]
[Date "1991.??.??"]
[Round "8"]
[White "Kuczynski, Robert"]
[Black "Ivanov, Oleg"]
[Result "0-1"]
[WhiteElo "2465"]
[BlackElo "2390"]

1.e4 e6 2.d4 d5 3.Nc3 Nf6 4.e5 Nfd7 5.f4 c5 6.Nf3 Nc6 7.Be3 a6 8.Qd2 cxd4
9.Nxd4 Qc7 10.h4 Na5 11.Rh3 Nc4 12.Bxc4 Qxc4 13.Nb3 b5 14.Qd3 h5 15.O-O-O b4
16.Ne2 Qc7 17.Ned4 a5 18.Nxe6 fxe6 19.Qg6+ Kd8 20.Qxe6 Bb7 21.f5 Qxe5 22.Bg5+ Kc8
23.Re3 Qxe6 24.fxe6 a4 25.Nd4 Bc5 26.exd7+ Kxd7 27.Red3 Rhf8 28.Be3 Ba6 29.R3d2 Rae8
30.Bg5 Re4 31.Nf3 Bb7 32.Rd3 Rf5 33.a3 bxa3 34.bxa3 Ba6 35.Rxd5+ Rxd5 36.Rxd5+ Kc6
37.Rf5 Bxa3+ 38.Kb1 Bd6 39.Bc1 Be2 40.Rxh5 Bxf3 41.gxf3 Re1 42.Rg5 Bf4 43.Rxg7 Bxc1
44.Ka2 Rh1 45.Rg4 Kb5 46.Re4 Rf1 47.Re5+ Kb4 48.Re4+ Kc3 49.h5 a3 50.Re8 Rxf3
51.Rc8+ Kb4 52.Rb8+ Kc4 53.Rc8+ Kd4 54.Rd8+ Kc3 55.Rc8+ Kd2 56.Rc5 Bb2 57.Kb1 Rf1+
58.Ka2 Rh1 59.Kb3 Rh3+ 60.Ka2 Kc1 61.c4  0-1

[Event "JUG-ch"]
[Site "Kladovo"]
[Date "1991.??.??"]
[Round "11"]
[White "Nikac, Predrag"]
[Black "Marinkovic, Slavisa"]
[Result "1/2-1/2"]
[WhiteElo "2265"]
[BlackElo "2335"]

1.e4 e6 2.d4 d5 3.Nc3 Nf6 4.e5 Nfd7 5.f4 c5 6.Nf3 Nc6 7.Be3 cxd4 8.Nxd4 Bc5
9.Qd2 O-O 10.O-O-O a6 11.h4 Bxd4 12.Bxd4 b5 13.h5 b4 14.Na4 Qa5 15.b3 Nxd4
16.Qxd4 Bb7 17.Rh3 Bc6 18.Nb2 Qxa2 19.Rg3 f5 20.exf6 Rxf6 21.h6 g6 22.Nd3 Qa5
23.Ne5 Nxe5 24.Qxe5 Raf8 25.Bd3 Qb6 26.f5 exf5 27.Bxf5 Qb8 28.Be6+ Kh8 29.Qxb8 Rxb8
30.Bxd5 Bxd5 31.Rxd5 g5 32.Rgxg5 Rxh6 33.Rd7 Rg8 34.Re5 Rxg2 35.Rb7 Rc6 36.Re8+ Rg8
37.Ree7 Rg2 38.Rb8+ Rg8 39.Rxb4 Rgc8 40.c4 R8c7 41.Rb8+ Rc8 42.Rbb7 h6 43.Kb2 Rg6
44.Ka3 Kg8 45.Ka4 h5 46.c5 h4 47.b4 h3 48.Rh7 Rb8 49.c6 Rxc6 50.Rbg7+ Kf8
51.Rg4 Rbb6 52.Rxh3 Rh6 53.Rxh6 Rxh6 54.Re4 Rd6 55.Ka5 Kf7 56.Re5 Kf8 57.Rh5 Ke8
58.Rh7 Kd8 59.Ra7 Kc8 60.Rxa6 Rd5+ 61.b5 Rh5 62.Rb6 Rh1 63.Rg6 Kb7 64.Rg7+ Kb8
65.Ka6 Rh6+ 66.b6  1/2-1/2

[Event "Leningrad op"]
[Site "Leningrad"]
[Date "1991.??.??"]
[Round "?"]
[White "Vasiukov, Evgeni"]
[Black "Frog, Ilya"]
[Result "1-0"]
[WhiteElo "2500"]
[BlackElo "2390"]

1.e4 e6 2.d4 d5 3.Nc3 Nf6 4.e5 Nfd7 5.f4 c5 6.Nf3 Nc6 7.Be3 Qa5 8.a3 Qd8
9.Qd2 a6 10.dxc5 Nxc5 11.b4 Nd7 12.Bd3 Be7 13.O-O O-O 14.Qf2 f6 15.Qh4 g6
16.Qg3 Rf7 17.Nxd5 exd5 18.e6 Rg7 19.exd7 Bxd7 20.Rad1 Qc7 21.Qf2 Re8 22.Rfe1 Bd6
23.Bb6 Qc8 24.Qh4 Rf8 25.c4 Ne7 26.cxd5 Nf5 27.Bxf5 gxf5 28.Rc1 Qb8 29.Bc5 Rg4
30.Qf2 Rf7 31.h3 Rxf4 32.Bxd6 Qxd6 33.Qc5 Qb8 34.Qc7 Qxc7 35.Rxc7 b5 36.Ra7 Rg7
37.Kf2 Rc4 38.Re2 Re4 39.Rc2 Be8 40.Rxa6 Rd7 41.Rc5 Kg7 42.d6 Kg6 43.Rc7 Kf7
44.Rc5 Kg6 45.Rxb5 Rxd6 46.Rxd6 Bxb5 47.Nd4 Bc4 48.b5 f4 49.b6 Ba6 50.a4 Re3
51.Ne6 Re2+ 52.Kf3 Ra2 53.Nxf4+ Kh6 54.g4 Rxa4 55.Rxf6+ Kg5 56.Rf5+ Kh6 57.g5+  1-0

[Event "Lenk op"]
[Site "Lenk"]
[Date "1991.??.??"]
[Round "4"]
[White "Arakhamia, Ketevan"]
[Black "Horvath, Maria"]
[Result "1-0"]
[WhiteElo "2440"]
[BlackElo "2065"]

1.e4 e6 2.d4 d5 3.Nc3 Nf6 4.e5 Nfd7 5.f4 c5 6.Nf3 Nc6 7.Be3 a6 8.Qd2 b5 9.dxc5 b4
10.Na4 Qa5 11.Nb6 Rb8 12.Nxd7 Bxd7 13.Bd3 Bxc5 14.Bxc5 Qxc5 15.Bxa6 O-O 16.Bd3 f6
17.Rf1 Rf7 18.Qf2 Qxf2+ 19.Rxf2 g5 20.exf6 gxf4 21.O-O-O Rxf6 22.Re1 h6 23.c4 bxc3
24.bxc3 Kf7 25.a4 Na5 26.Ra2 Ke7 27.Ne5 Kd6 28.h3 Nb3+ 29.Kc2 Nc5 30.a5 Rff8
31.Bf1 Ba4+ 32.Kc1 Rb3 33.c4 Rfb8 34.cxd5 Rb1+ 35.Kd2 Rxe1 36.Nc4+ Kxd5 37.Kxe1 Bb3
38.Rd2+ Kc6 39.Ne5+ Kc7 40.Ng6  1-0

[Event "Lenk op"]
[Site "Lenk"]
[Date "1991.??.??"]
[Round "5"]
[White "Hugentobler, Patrick"]
[Black "Grillitsch, Karl"]
[Result "0-1"]
[WhiteElo "2180"]
[BlackElo "2300"]

1.e4 e6 2.d4 d5 3.Nc3 Nf6 4.e5 Nfd7 5.f4 c5 6.Nf3 Nc6 7.Be3 a6 8.Qd2 cxd4
9.Nxd4 Bc5 10.O-O-O O-O 11.Kb1 Bxd4 12.Bxd4 b5 13.h4 b4 14.Na4 Qa5 15.b3 Nxd4
16.Qxd4 Bb7 17.Rh3 Bc6 18.Nb2 Qc5 19.c3 Qxd4 20.Rxd4 bxc3 21.Rxc3 Rfc8 22.Na4 f6
23.exf6 gxf6 24.Nc5 Nxc5 25.Rxc5 e5 26.Rb4 e4 27.Rb6 Bb5 28.Rxc8+ Rxc8 29.Bxb5 axb5
30.Rxb5 e3  0-1

[Event "Miedzybrodzie op"]
[Site "Miedzybrodzie"]
[Date "1991.??.??"]
[Round "1"]
[White "Shmuter, Leonid"]
[Black "Misiuga, Andrzej"]
[Result "0-1"]
[WhiteElo "2435"]
[BlackElo "2255"]

1.e4 e6 2.d4 d5 3.Nc3 Nf6 4.e5 Nfd7 5.f4 c5 6.Nf3 Nc6 7.Be3 cxd4 8.Nxd4 Bc5
9.Qd2 Nxd4 10.Bxd4 Bxd4 11.Qxd4 Qb6 12.Qxb6 Nxb6 13.Bd3 h5 14.h4 Bd7 15.Ne2 Ke7
16.Nd4 Na4 17.O-O-O Nc5 18.Rhe1 g6 19.Re3 a6 20.Be2 Rac8 21.Rh1 Ne4 22.Rb3 b5
23.Ra3 Ra8 24.Rh2 Rhb8 25.Bf3 Nc5 26.g4 hxg4 27.Bxg4 b4 28.Rg3 Rc8 29.Be2 a5
30.a3 bxa3 31.Rxa3 a4 32.Bf3 Rab8 33.Rc3 Na6 34.Rxc8 Rxc8 35.h5 gxh5 36.f5 Nc5
37.f6+ Kd8 38.Rxh5 Kc7 39.Rh7 Kb6 40.Rxf7 Nd3+ 41.Kb1 Nxe5 42.Re7 Kc5 43.c3 Kd6
44.Rh7 Rf8 45.Rh6 Nf7 46.Rh5 Nd8 47.Rh6 e5 48.Nc2 Nf7 49.Rh5 Rg8 50.Ne3 Be6
51.Bd1 Rg1 52.Kc2 Ng5 53.Rh8 d4 54.cxd4 exd4 55.Rd8+ Ke5 56.Kd3 dxe3 57.Kxe3 Nf7
58.Rd2 Nd6 59.Kd3 Rg3+ 60.Ke2 Bc4+ 61.Ke1 Ne4  0-1

[Event "POL-chT"]
[Site "Mikolajki"]
[Date "1991.??.??"]
[Round "3"]
[White "Latas, Boguslaw"]
[Black "Cichocki, Adam"]
[Result "1-0"]
[WhiteElo "2265"]
[BlackElo "2285"]

1.e4 e6 2.d4 d5 3.Nc3 Nf6 4.e5 Nfd7 5.f4 c5 6.Nf3 Nc6 7.Be3 a6 8.Be2 b5 9.a3 Qb6
10.Qd2 cxd4 11.Nxd4 Bc5 12.Rd1 O-O 13.O-O Rb8 14.Rf3 Nxd4 15.Bxd4 b4 16.axb4 Qxb4
17.b3 a5 18.Na4 Bxd4+ 19.Qxd4 Nb6 20.Nc5 Nd7 21.Rc3 Rd8 22.Kf2 Qa3 23.Nd3 Ba6
24.Rc7 Bxd3 25.Bxd3 Rbc8 26.Ra1 Qxa1 27.Qxa1 Rxc7 28.Qxa5 Rcc8 29.b4 Ra8
30.Qc7 Rac8 31.Qa7 Ra8 32.Qd4 g6 33.g4 Rab8 34.h4 Rf8 35.h5 Rb7 36.Ke2 Rfb8
37.c3 Re8 38.h6 Rc7 39.Ba6 Nb8  1-0

[Event "POL-chT"]
[Site "Mikolajki"]
[Date "1991.??.??"]
[Round "6"]
[White "Kuczynski, Robert"]
[Black "Gleizerov, Evgeny"]
[Result "1/2-1/2"]
[WhiteElo "2465"]
[BlackElo "2485"]

1.e4 e6 2.d4 d5 3.Nc3 Nf6 4.e5 Nfd7 5.f4 c5 6.Nf3 Nc6 7.Be3 a6 8.Qd2 b5 9.dxc5 Bxc5
10.Bxc5 Nxc5 11.Qf2 Qb6 12.Bd3 Rb8 13.O-O Na4  1/2-1/2

[Event "FRA-ch Acc"]
[Site "Montpellier"]
[Date "1991.??.??"]
[Round "1"]
[White "Guadalpi, David"]
[Black "Verdier, Patrice"]
[Result "1/2-1/2"]
[WhiteElo "2295"]
[BlackElo "2215"]

1.e4 e6 2.d4 d5 3.Nc3 Nf6 4.e5 Nfd7 5.f4 c5 6.Nf3 Nc6 7.Be3 cxd4 8.Nxd4 Bc5
9.Qd2 O-O 10.O-O-O a6 11.g4 Nxd4 12.Bxd4 b5 13.Bg2 Bb7 14.Kb1 Bxd4 15.Qxd4 Rc8
16.Rhe1 Qa5 17.Ne2 Rc4 18.Qd2 Qxd2  1/2-1/2

[Event "Moscow5-B"]
[Site "Moscow"]
[Date "1991.??.??"]
[Round "?"]
[White "Doghri, Nabil"]
[Black "Ristovic, Ninad"]
[Result "1-0"]
[WhiteElo "2280"]
[BlackElo "2320"]

1.e4 e6 2.d4 d5 3.Nc3 Nf6 4.e5 Nfd7 5.f4 c5 6.Nf3 Nc6 7.Be3 a6 8.Qd2 b5 9.g3 Qb6
10.Bg2 cxd4 11.Nxd4 Bc5 12.O-O-O Bb7 13.Rhe1 Na5 14.Nxd5 exd5 15.e6 O-O 16.exd7 Nc4
17.Qd3 Qf6 18.Bg1 Rfd8 19.Bh3 g6 20.c3 b4 21.cxb4 Bxb4 22.Re2 Bc5 23.Kb1 Qb6
24.Qb3 Qa7 25.Qc3 h6 26.Ne6 fxe6 27.Qf6 e5 28.Qxg6+ Kf8 29.fxe5  1-0

[Event "Moscow5-B"]
[Site "Moscow"]
[Date "1991.??.??"]
[Round "?"]
[White "Doghri, Nabil"]
[Black "Nikolenko, Oleg"]
[Result "0-1"]
[WhiteElo "2280"]
[BlackElo "2450"]

1.e4 e6 2.d4 d5 3.Nc3 Nf6 4.e5 Nfd7 5.f4 c5 6.Nf3 Nc6 7.Be3 cxd4 8.Nxd4 Qb6
9.Qd2 Qxb2 10.Rb1 Qa3 11.Ncb5 Qxa2 12.Rd1 Rb8 13.Nc7+ Kd8 14.Ncxe6+ fxe6
15.Nxe6+ Ke7 16.Nc7 d4 17.f5 Ndxe5  0-1

[Event "Moscow5-B"]
[Site "Moscow"]
[Date "1991.??.??"]
[Round "?"]
[White "Maljutin, Evgeni"]
[Black "Ristovic, Ninad"]
[Result "1-0"]
[WhiteElo "2385"]
[BlackElo "2320"]

1.e4 e6 2.d4 d5 3.Nc3 Nf6 4.e5 Nfd7 5.Nce2 c5 6.c3 Nc6 7.Nf3 b5 8.Nf4 Qb6
9.h4 b4 10.c4 Nxd4 11.Nxd4 cxd4 12.cxd5 Nxe5 13.dxe6 Bxe6 14.Nxe6 Qxe6 15.Bb5+ Nd7+
16.Kf1 Bc5 17.Qa4 d3 18.Be3 Bxe3 19.Re1 O-O-O 20.Rxe3 Qb6 21.Re7 Nc5 22.Qxa7 Qxa7
23.Rxa7 Rhe8 24.Bxe8 Rxe8 25.Ra8+  1-0

[Event "Moscow5"]
[Site "Moscow"]
[Date "1991.??.??"]
[Round "?"]
[White "Lanka, Zigurds"]
[Black "Moskalenko, Viktor"]
[Result "1/2-1/2"]
[WhiteElo "2505"]
[BlackElo "2480"]

1.e4 e6 2.d4 d5 3.Nc3 Nf6 4.e5 Nfd7 5.f4 c5 6.Nf3 Nc6 7.Be3 cxd4 8.Nxd4 Bc5
9.Qd2 Nxd4 10.Bxd4 Qb6 11.O-O-O Bxd4 12.Qxd4 Qxd4 13.Rxd4  1/2-1/2

[Event "Russian Winter op"]
[Site "Moscow"]
[Date "1991.??.??"]
[Round "?"]
[White "Vasiukov, Evgeni"]
[Black "Zaitseva, Ludmila G"]
[Result "1-0"]
[WhiteElo "2500"]
[BlackElo "2325"]

1.e4 e6 2.d4 d5 3.Nc3 Nf6 4.e5 Nfd7 5.f4 c5 6.Nf3 Nc6 7.Be3 cxd4 8.Nxd4 Bc5
9.Qd2 a6 10.O-O-O Bxd4 11.Bxd4 O-O 12.Be3 b5 13.h4 b4 14.Na4 Qa5 15.b3 Bb7
16.Rh3 Rab8 17.Kb1 Ne7 18.Ba7 Rbc8 19.h5 Bc6 20.Nb2 Bb5 21.h6 g6 22.Bd3 Rc3
23.Bd4 Rfc8 24.Rc1 Nc5 25.Bxc5 R8xc5 26.Qf2 Qc7 27.g4 Nc6 28.Bxb5 Rxb5 29.Nd3 Qe7
30.Re1 a5 31.f5 Rb8 32.Rf3 Na7 33.fxg6 fxg6 34.Rf1 Nb5 35.Rf7 Na3+ 36.Ka1 Qe8
37.Rg7+ Kh8 38.Qf6 Nxc2+ 39.Kb2  1-0

[Event "Niksic"]
[Site "Niksic"]
[Date "1991.??.??"]
[Round "1"]
[White "Miljanic, Boro"]
[Black "Vukovic, Zdravko"]
[Result "1/2-1/2"]
[WhiteElo "2390"]
[BlackElo "2395"]

1.e4 e6 2.d4 d5 3.Nc3 Nf6 4.e5 Nfd7 5.f4 c5 6.Nf3 Nc6 7.Be3 cxd4 8.Nxd4 Bc5
9.Qd2 Nxd4 10.Bxd4 Bxd4 11.Qxd4 Qb6 12.Qxb6 Nxb6 13.Nb5 Ke7 14.Bd3 Bd7 15.Nd4 Na4
16.O-O-O Nc5 17.Kd2 g5 18.fxg5 Rag8 19.h4 h6 20.Nf3 hxg5 21.hxg5 Ne4+ 22.Ke3 Rxh1
23.Rxh1 Nxg5 24.Kf4 Nxf3 25.gxf3 Bc6 26.a4 a6 27.b3 d4  1/2-1/2

[Event "Niksic"]
[Site "Niksic"]
[Date "1991.??.??"]
[Round "4"]
[White "Ziatdinov, Raset"]
[Black "Miljanic, Boro"]
[Result "0-1"]
[WhiteElo "2515"]
[BlackElo "2390"]

1.e4 e6 2.d4 d5 3.Nc3 Nf6 4.e5 Nfd7 5.f4 c5 6.Nf3 Nc6 7.Be3 a6 8.Qd2 b5 9.dxc5 b4
10.Na4 Qa5 11.Nb6 Rb8 12.Nxd7 Bxd7 13.Bd3 Bxc5 14.Bxc5 Qxc5 15.Bxa6 O-O 16.Qf2 Qxf2+
17.Kxf2 f6 18.Rhe1 g5 19.exf6 gxf4 20.Ne5 Nxe5 21.Rxe5 Rxf6 22.Bd3 Kf7 23.b3 Rh6
24.Kf3 Rxh2 25.Kxf4 Rxg2 26.Rh5 Kf6 27.Rh6+ Ke7 28.a4 Rbg8 29.Rf1 R8g4+ 30.Kf3 R4g3+
31.Kf4 Kd6 32.Rf2 Rg1 33.Rf3 Rg4+ 34.Ke3 Kc5 35.Rxh7 d4+ 36.Ke2 Bc6 37.Rh5+ Kd6
38.Rf2 R4g3 39.Kd2 Re3  0-1

[Event "Oslo Cup"]
[Site "Oslo"]
[Date "1991.??.??"]
[Round "1"]
[White "Elseth, Roar"]
[Black "Gausel, Einar"]
[Result "1/2-1/2"]
[WhiteElo "2345"]
[BlackElo "2425"]

1.e4 e6 2.d4 d5 3.Nc3 Nf6 4.e5 Nfd7 5.f4 c5 6.Nf3 Nc6 7.Be3 cxd4 8.Nxd4 Bc5
9.Qd2 O-O 10.O-O-O a6 11.Kb1 Nxd4 12.Bxd4 b5 13.g3 b4 14.Ne2 a5 15.Bxc5 Nxc5
16.Bg2 Qb6 17.Qe3 Bb7 18.Nd4 a4 19.Rhe1 Ne4 20.Bxe4 dxe4 21.Nf5 Qc7 22.Nd6 b3
23.axb3 axb3 24.Qxb3 Bd5 25.c4 Rfb8 26.Qc3 Bc6 27.Kc1 Ra2 28.Nb5 Bxb5 29.cxb5 Qb6
30.Qc4 Ra1+ 31.Kc2 Raa8 32.Rd6 Qa5 33.Rxe4 Rxb5 34.Qa4 Rc5+ 35.Kb1 Qxa4 36.Rxa4 Rac8
37.Rad4 g5 38.Rd8+ Rxd8 39.Rxd8+ Kg7 40.Rd4 gxf4 41.gxf4 f6 42.b4 Rb5 43.exf6+ Kxf6
44.Kc2 Rh5 45.Kb3 Rh3+ 46.Ka4 Rxh2 47.b5 Ra2+ 48.Kb4 Rb2+ 49.Ka5 h5 50.b6 h4  1/2-1/2

[Event "Palma de Mallorca op"]
[Site "Palma de Mallorca"]
[Date "1991.??.??"]
[Round "?"]
[White "Sion Castro, Marcelino"]
[Black "Cisneros, Lucas"]
[Result "1/2-1/2"]
[WhiteElo "2405"]
[BlackElo "2240"]

1.e4 e6 2.d4 d5 3.Nc3 Nf6 4.e5 Nfd7 5.f4 c5 6.Nf3 Nc6 7.Be3 cxd4 8.Nxd4 Bc5
9.Qd2 Bxd4 10.Bxd4 Nxd4 11.Qxd4 Qb6 12.Qxb6 Nxb6 13.Nb5 Ke7 14.b3 Nd7 15.Kd2 Nc5
16.Bd3 Bd7 17.Nd4 a6 18.a4 b5 19.axb5 Nxd3 20.cxd3 axb5 21.b4 Ra4 22.Rxa4 bxa4
23.Nc2 Kd8 24.Rc1 Kc7 25.Kc3 Kb6 26.Na3 Rg8 27.h4 h6 28.Kd4 g6 29.g3 h5 30.Rc5 Ra8
31.Kc3 Rc8 32.d4 Rb8 33.Kb2 Rc8 34.Nc2 Ra8 35.Ka3 Bb5 36.Kb2 Bd7 37.Na3 Be8
38.Nb1 Bb5 39.Ka3 Bc4 40.Nc3 Bb3 41.Rb5+ Kc6 42.Ra5 Rf8 43.Ra7 Kb6 44.Re7 Rc8
45.Nxa4+ Bxa4 46.Kxa4 Ra8+ 47.Kb3 Rf8 48.Kc3 Rc8+ 49.Kd3 Rf8 50.Kc3 Rc8+
51.Kb3 Rf8 52.Rd7 Kc6 53.Ra7 Kb6 54.Re7 Kc6 55.Ka4 Ra8+ 56.Kb3 Rf8 57.Kc3 Kb6
58.Kb2 Kb5 59.Kb3  1/2-1/2

[Event "Paris-ch"]
[Site "Paris"]
[Date "1991.??.??"]
[Round "9"]
[White "Szalanczy, Emil"]
[Black "Elbilia, Jacques"]
[Result "0-1"]
[WhiteElo "2420"]
[BlackElo "2050"]

1.e4 e6 2.d4 d5 3.Nc3 Nf6 4.e5 Nfd7 5.f4 c5 6.Nf3 Nc6 7.Be3 cxd4 8.Nxd4 Bc5
9.Qd2 Bxd4 10.Bxd4 Nxd4 11.Qxd4 Qb6 12.O-O-O Qxd4 13.Rxd4 Ke7 14.Bd3 Nb8
15.Re1 Nc6 16.Ra4 Bd7 17.Bb5 Nb8 18.f5 Bxb5 19.Nxb5 Nc6 20.Rg4 g6 21.f6+ Kd7
22.Rh4 a6 23.Nc3 h5 24.Na4 Kc7 25.Nc5 b6 26.Nd3 g5 27.Rh3 Rac8 28.Rg3 Rhg8
29.c3 Kb7 30.Kd2 g4 31.Rf1 h4 32.Re3 Rg5 33.Rf4 Rh8 34.c4 dxc4 35.Rxc4 Rd8
36.Rce4 Rd5 37.Kc3 a5 38.b3 Kc8 39.a3 Kd7 40.b4 a4 41.Kb2 Na7 42.Nf4 Rd2+
43.Kc1 Ra2 44.Rd3+ Kc7 45.Rc4+ Kb7 46.Kb1 Rf2 47.Rd7+ Kb8 48.Nd3 Rxg2 49.Rxf7 Nb5
50.Rf8+ Kb7 51.f7 Rf5 52.Rcc8 Nxa3+ 53.Ka1 Rf1+ 54.Nc1 Rgf2 55.b5 Nxb5 56.Rb8+ Kc6
57.Rfc8+ Nc7  0-1